Loading...
Philosophy | 0 | 4 | 0 | 0 | 40 | 103 | 116.00 | 2 | 3 |
Fine Arts - Other Fine Arts | 0 | 4 | 0 | 1 | 40 | 90 | 117.00 | 0 | 1 |
History - Other History | 0 | 4 | 1 | 1 | 35 | 113 | 123.25 | 0 | 0 |
Literature - World Literature | 0 | 3 | 0 | 0 | 30 | 112 | 125.33 | 0 | 1 |
Fine Arts - Painting & Sculpture | 0 | 3 | 1 | 0 | 25 | 122 | 130.00 | 0 | 1 |
History - European History | 0 | 3 | 1 | 1 | 25 | 112 | 124.33 | 0 | 0 |
Literature - European Literature | 0 | 3 | 1 | 2 | 25 | 136 | 147.33 | 0 | 1 |
Mythology | 0 | 3 | 1 | 0 | 25 | 84 | 101.33 | 1 | 3 |
Literature - British Literature | 0 | 2 | 0 | 0 | 20 | 102 | 118.00 | 0 | 1 |
History - American History | 0 | 2 | 0 | 1 | 20 | 125 | 125.50 | 0 | 1 |
Science - Biology | 0 | 2 | 1 | 1 | 15 | 114 | 114.50 | 0 | 0 |
History - World History | 0 | 2 | 1 | 1 | 15 | 86 | 108.00 | 0 | 1 |
Other | 0 | 1 | 0 | 0 | 10 | 59 | 59.00 | 1 | 1 |
Science - Chemistry | 0 | 1 | 0 | 1 | 10 | 126 | 126.00 | 0 | 1 |
Science - Physics | 0 | 1 | 0 | 1 | 10 | 125 | 125.00 | 0 | 1 |
Social Science | 0 | 1 | 1 | 0 | 5 | 107 | 107.00 | 0 | 1 |
Literature - American Literature | 0 | 1 | 1 | 0 | 5 | 146 | 146.00 | 0 | 1 |
Religion | 0 | 1 | 1 | 1 | 5 | 128 | 128.00 | 0 | 0 |
Fine Arts - Classical Music | 0 | 1 | 1 | 0 | 5 | 130 | 130.00 | 0 | 0 |
Science - Other Science | 0 | 0 | 0 | 0 | 0 | 0.00 | 0 | 0 |